000 00351 a2200157 4500
001 165198
020 _a
040 _cMagnum
100 _aCosta, Jurandir Freire
240 1 0 _aA etica e o espelho da cultura
_lpor
245 1 0 _aA etica e o espelho da cultura
362 0 _a1899
440 1 _aRocco
697 _aPROBLEMAS SOCIAIS
942 _cBK
999 _c165198
_d165198